Bilecik Bilecik Bilecik Bilecik Bilecik

Kafamda bir tuhaflık/ (Record no. 52875)

MARC details
000 -BAŞLIK
Sabit Uzunluktaki Kontrol Alanı 02790nam a22004097a 4500
001 - KONTROL NUMARASI
Control Dosyası 0053063
003 - KONTROL NUMARASI KİMLİĞİ
Kontrol Alanı KOHA_MİRAKIL
005 - EN SON İŞLEM TARİHİ ve ZAMANI
Kontrol Alanı 20260207003905.0
007 - FİZİKSEL TANIM SABİT ALAN - GENEL BİLGİ
Sabit uzunluklu kontrol alanı ta
008 - SABİT UZUNLUKTAKİ VERİ ÖGELERİ - GENEL BİLGİ
Sabit Alan 150629b2015 tu |||gr||||#0|||1|tur |
020 ## - ISBN - ULUSLARARASI STANDART KİTAP NUMARASI
Isbn 9789750830884
Nitelik bilgileri
040 ## - KATALOGLAMA KAYNAĞI
Özgün Kataloglama Kurumu TR-BiSEU
Kataloglama Dili tur
Çeviri Kurumu TR-BiSEU
Açıklama Kuralları rda
041 0# - DİL KODU
Metin ya da ses kaydının dil kodu tur
044 ## - YAYINLAYAN/ÜRETEN KURULUŞUN ÜLKE KODU
ISO country code tu
050 ## - SINIFLAMA ve YER NUMARASI
Sınıflama Numarası PL248.P36
Yer Numarası K34 2014
100 1# - KİŞİ ADI
Yazar Adı (Kişi adı) Pamuk, Orhan.
245 1# - ESER ADI BİLDİRİMİ
Başlık Kafamda bir tuhaflık/
Sorumluluk Bildirimi Orhan Pamuk ; Orhan Pamuk; Editör Darmin Hadzibegovic ; Düzelti Filiz Özkan, Murat Yalçın ; Kapaktaki fotoğraf Ara Güler..
250 ## - BASIM BİLDİRİMİ
Basım Bildirimi 4. Baskı
264 #1 - ÜRERİM, YAYIN, DAĞITIM ve TELİF BİLDİRİMİ
Yayın yeri İstanbul :
Yayınlayan Yapı Kredi Yayınları
Yayın tarihi 2015
300 ## - FİZİKSEL TANIMLAMA
Sayfa, Cilt vb. 477 sayfa: resimli; 21 cm.
336 ## - İÇERİK TÜRÜ
Content type term metin
Content type code txt
Source rdacontent
337 ## - MEDYA TÜRÜ
Media type term aracısız
Media type code n
Source rdamedia
338 ## - TAŞIYICI TÜRÜ
Carrier type term cilt
Carrier type code nc
Source rdacarrier
490 0# - DİZİ BİLDİRİMİ
Dizi Bildirimi Yapı Kredi Yayınları - 4270.
490 0# - DİZİ BİLDİRİMİ
Dizi Bildirimi Edebiyat - 1201
500 ## - GENEL NOT
Genel Not "Boza satıcısı Mevlut Karataş'ın hayatı, maceraları, hayalleri ve arkadaşlarının hikayesi ve 1969 ile 2012 yılları arasında İstanbul hayatının pek çok kişinin gözünden anlatılmış bir resmidir."
500 ## - GENEL NOT
Genel Not "Kafamda Bir Tuhaflık hem bir aşk hikâyesi hem de modern bir destan. Orhan Pamuk'un üzerinde altı yıl çalıştığı roman, bozacı Mevlut ile üç yıl aşk mektupları yazdığı sevgilisinin İstanbul'daki hayatlarını hikâye ediyor. 1969 ile 2012 arasında, kırk yılı aşkın bir süre Mevlut, İstanbul sokaklarında yoğurtçuluk, pilavcılık, otopark bekçiliği gibi pek çok iş yapar. Bir yandan sokakların çeşit çeşit insanla dolmasını, şehrin büyük bölümünün yıkılıp yeniden inşa edilmesini, Anadolu'dan gelip zengin olanları izler; diğer yandan ülkenin içinden geçtiği dönüşümlere, siyasi çatışmalara, darbelere tanık olur. Onu başkalarından farklı kılan şeyin, kafasındaki tuhaflığın kaynağını hep merak eder. Ama kış akşamları boza satmaktan ve sevgilisinin aslında kim olduğunu düşünmekten hiç vazgeçmez. Aşkta insanın niyeti mi daha önemlidir, kısmeti mi? Mutluluk veya mutsuzluğumuz bizim seçimlerimize mi bağlıdır, yoksa bizim dışımızda mı gelişip başımıza gelirler? Kafamda Bir Tuhaflık bu sorulara cevap ararken aile hayatıyla şehir hayatının çatışmasını, kadınların ev içlerindeki öfke ve çaresizliklerini resmediyor."--Back cover.
650 #0 - KONU BAŞLIĞI EK GİRİŞ - KONU TERİMİ
Konusal terim veya coğrafi ad Karataş, Mevlut, 1957--Fiction.
9 (RLIN) 99176
650 #0 - KONU BAŞLIĞI EK GİRİŞ - KONU TERİMİ
Konusal terim veya coğrafi ad Boza--Fiction.
9 (RLIN) 99177
650 #0 - KONU BAŞLIĞI EK GİRİŞ - KONU TERİMİ
Konusal terim veya coğrafi ad Turkish fiction.
9 (RLIN) 6661
650 #0 - KONU BAŞLIĞI EK GİRİŞ - KONU TERİMİ
Konusal terim veya coğrafi ad Istanbul (Turkey)--Social conditions--Fiction.
9 (RLIN) 22779
650 #0 - KONU BAŞLIĞI EK GİRİŞ - KONU TERİMİ
Konusal terim veya coğrafi ad Turkey--Social conditions--Fiction.
9 (RLIN) 99178
830 0# - SERİ EK GİRİŞİ - TEKBİÇİM ESER ADI
Tekbiçim Başlık Yapı Kredi Yayınları - 4270.
9 (RLIN) 99179
830 0# - SERİ EK GİRİŞİ - TEKBİÇİM ESER ADI
Tekbiçim Başlık Edebiyat - 1201
9 (RLIN) 99180
907 ## - LOCAL DATA ELEMENT G, LDG (RLIN)
a Roman
942 ## - EK GİRİŞ ÖGELERİ (KOHA)
Source of classification or shelving scheme Library of Congress Classification
Koha item type Book
Holdings
Materyal Türü Kalıcı Konum Mevcut Konum Raf Yeri Sınıflandırma Kaynağı Edinim Bilgisi Ana Konular Alt Konular Yer Numarası Demirbaş Numarası Fatura Tarihi Maliyet, Alış Fiyatı Maliyet, Yenileme Fiyatı Geri Çekilme Durumu Kayıp Durumu Hasarlı Durumu Kredi için değil Kayıt Tarih Toplam Ödünçverme Son Görülme Tarihi Son Kontrol Tarihi Satın Alma Notu
Book Prof. Dr. Azmi Özcan Kütüphanesi Prof. Dr. Azmi Özcan Kütüphanesi Birûni Salonu Library of Congress Classification Satın DİL VE EDEBİYAT Doğu Asya, Afrika, Okyanusya Dilleri ve Edebiyatları PL248.P36 K34 2014 0053063 07/07/2015 13.65 13.65         29/06/2015 48 05/12/2024 05/12/2024 B-984687 - B-984797